000 00330nam a2200145Ia 4500
008 150301s2015 xx 000 0 und d
082 _a614.1
_bP15R
100 _aRAJE, V.N
245 _aPHARMACEUTICAL JURISPRUDENCE
250 _a1ST
260 _bCBS- DELHI
300 _a121
650 _aPHARMACEUTICS
942 _2ddc
_cBK
_020
999 _c7263
_d7263